ロード中...

Mayatha sandhyakal

書誌詳細
第一著者: Balakrishnan, P. K.
フォーマット: Printed Book
言語:Malayalam
出版事項: Thiruvananthapuram : Navadhaara , 1978.
主題:
LEADER 00499nam a2200145Ia 4500
008 150624b xxu||||| |||| 00| e mal d
082 |a 854.3B3 
100 |a Balakrishnan, P. K. 
245 |c P. K. Balakrishnan  |a Mayatha sandhyakal 
260 |a Thiruvananthapuram :  |b Navadhaara ,  |c 1978. 
546 |a In Malayalam. 
650 |v Essays 
942 |c BK 
999 |c 103642  |d 103642 
952 |0 1  |1 0  |4 0  |6 854_000000000000000_3B3_MAY_M  |7 0  |9 104970  |a UL  |b UL  |c ST1  |d 2014-06-03  |l 0  |o 854.3B3 MAY M  |p 45471  |r 2014-06-03  |w 2014-06-03  |y BK